00912cam a22002411 450000100060000000300080000600500170001400800390003103500190007004000320008904100080012108200220012910000310015124500610018226000690024330000240031250400300033665000570036665000690042394200120049299900170050495201490052117460BD-RjUL20211209000138.0140217r19701953ilu b 001 0 eng a(BD-RjUL)17518 aDLCcDLCdDLCdBD-RjULbeng aeng00a810.903bFES 19701 aFeidelson, Charles.95380110aSymbolism and American literature /c Charles Feidelson. aChicago :bUniversity of Chicago Press,c1953 [Impression 1970]. ax, 355 p. ;c22 cm. aBibliography: p. 220-227. 0aSymbolism (Literary movement)zUnited States.953802 0aAmerican literaturey19th centuryxHistory and criticism.953803 2ddccBK c17460d17460 00102ddc40718NFICaRUCLbRUCLcReadingd1975-01-09eJonathan wren & co.g2.90l0o810.903 FES 1970r2014-02-17 00:00:00tC-1w2014-02-17yBK